| 000 | nam a22 a 4500 | ||
|---|---|---|---|
| 999 |
_c2708 _d2708 |
||
| 003 | AKMAL | ||
| 005 | 20170517154012.0 | ||
| 008 | 170517s1989 my a00 may d | ||
| 020 | _a983620668X | ||
| 039 | 9 |
_a201012141120 _bhidayah |
|
| 040 |
_aAKMAL _cAKMAL |
||
| 049 | _abgkmalpma | ||
| 082 | 0 | 4 | _a642.4 AIS |
| 090 | 0 | 0 |
_a642.4 _bAIS |
| 090 | 2 | 0 |
_a642.4 _bAIS |
| 100 |
_aAishah Hamzah _95697 |
||
| 245 | 1 |
_aTeknologi dan perkhidmatan katering / _cAishah Hamzah ; editor Che Zainab binti Omar |
|
| 260 |
_aKuala Lumpur : _bDewan Bahasa dan Pustaka, _c1989 |
||
| 300 |
_axii, 365ms. ; _c25cm. |
||
| 505 | 0 | _aMengandungi soalan | |
| 650 |
_aCaterers and catering _95698 |
||
| 650 |
_aFood service _95699 |
||
| 650 |
_aCookery _95700 |
||
| 700 | 0 |
_aChe Zainab Omar _95701 |
|
| 942 |
_2ddc _cBOOK |
||